000 01191nam a2200325 a 4500
001 000114116
003 CHAP
005 20220329144427.0
008 171103s2017 mx sm |||||||spa d
010 _a110577
011 _a111549
040 _cCHAP
090 _aTesis
100 1 _aLara García, Juan Andrés
_9133978
245 1 0 _aCicadélidos (Hemiptera: Cicadellidae) asociados a cafeto en el municipio de Yahualica, Hidalgo
_h[En línea]
_cpor Juan Andrés Lara García.
260 _aChapingo, Méx. :
_bEl autor,
_c2017.
500 _aPara ver el contenido del material haga clic en la liga
502 _aTesis (Ing. Agr. Esp. en Parasitología Agrícola) -- UACH. Departamento de Parasitología Agrícola
590 _aE6339RRR
_b05
_c20171103
_lUCH01
_h1438
590 _aE6339RRR
_b05
_c20171103
_lUCH01
_h1438
590 _aE6339RRR
_b05
_c20171103
_lUCH01
_h1439
650 1 4 _aBacterias fitopatógenas.
_99326
650 1 4 _aCafé
_xEnfermedades.
_917136
650 1 4 _aCafé
_xPlagas.
_917181
650 1 4 _aPlagas
_xIdentificación.
_9126573
856 _aFinding aid
_uhttp://10.13.5.2/tesis/sist114116.pdf
_zTeclea aquí
901 _aBK
942 _cTESIS
942 _n0
999 _c110577
_d110577